| Поле | Инд. | ПП | Название | Значение |
|---|---|---|---|---|
| Тип записи | a | |||
| Библиографический уровень | b | |||
| 001 | Контрольный номер | e58462e0e2be4f909bfa9caf366f849a | ||
| 005 | Дата корректировки | 20220405162141.5 | ||
| 024 | 80 | a | Стандартный номер | DOI: 10.1088/1751-8121/ab3a20 |
| 040 | a | Служба первич. каталог. | Web of Science | |
| 041 | 0_ | a | Код языка текста | eng |
| 097 | a | Костяева О.Г. | ||
| 100 | 1_ | a | Автор | Simonović N. S. |
| 100 | 1_ | a | Автор | Nazmitdinov R. G. |
| g | Прочие сведения | РИНЦ AuthorID: 27609 (http://elibrary.ru/author_profile.asp?id= 27609); Scopus Author ID: 7004352313 (https://www.scopus.com/authid/detail.uri?authorId=7004352313); ResearcherID: G-4860-2016 (http://www.researcherid.com/rid/G-4860-2016) | ||
| i | 000090996 | |||
| j | Принадлежность неизвестного автора к последователям, ученикам, сторонникам, школе и т. д. | государственный университет "Дубна" | ||
| q | Полное имя | Назмитдинов Рашид Гиясович | ||
| u | Дополнение | Назмитдинов Р. Г.; Nazmitdinov Rashid Giyasovich | ||
| c | Титул (звания) | доктор физико-математических наук | ||
| k | Кафедра химии, новых технологий и материалов; Факультет естественных и инженерных наук | |||
| 245 | 10 | a | Заглавие | Effect of the magnetic field on electron density distributions in two-electron quantum dots |
| 513 | a | передано на оплату | ||
| b | IV квартал 2019 | |||
| 773 | 18 | t | Название источника | Journal of Physics A: Mathematical and Theoretical |
| d | Место и дата издания | 2019 | ||
| c | ENGLAND | |||
| m | Специф. данные | входит в Scopus;входит в WoS;Входит в ядро РИНЦ;зарубежный журнал;ненулевой импакт-фактор; | ||
| x | ISSN | 1751-8113 | ||
| g | Прочая информация | V. 52. - № 43. - P. 435303 | ||
| b | Сведения об издании | Institute of Physics and IOP Publishing Ltd. | ||
| p | J. Phys. A-Math. Theor. | |||
| o | Прочие индексы | wos 1.865, scopus 1.45 | ||
| q | Q1 | |||
| w | Контрольный № источника | 99d69de53d6a4cc29a4ddad8d6b9762c | ||
| 901 | t | Тип документа | b | |
| 952 | c | Вид литературы | статья в журнале |